The Trained mind: Total concentration (Record no. 64630)
[ view plain ]
| 000 -LEADER | |
|---|---|
| fixed length control field | 00429nam a22001577a 4500 |
| 003 - CONTROL NUMBER IDENTIFIER | |
| control field | NUST - PNEC |
| 005 - DATE AND TIME OF LATEST TRANSACTION | |
| control field | 20170116180851.0 |
| 008 - FIXED-LENGTH DATA ELEMENTS--GENERAL INFORMATION | |
| fixed length control field | 150825b xxu||||| |||| 00| 0 eng d |
| 020 ## - INTERNATIONAL STANDARD BOOK NUMBER | |
| International Standard Book Number | 0809461188 |
| 040 ## - CATALOGING SOURCE | |
| Transcribing agency | LIBRARY |
| 082 ## - DEWEY DECIMAL CLASSIFICATION NUMBER | |
| Classification number | 613 TIM |
| 100 ## - MAIN ENTRY--PERSONAL NAME | |
| 9 (RLIN) | 5711 |
| Personal name | Time-Life Books |
| 245 ## - TITLE STATEMENT | |
| Title | The Trained mind: Total concentration |
| Statement of responsibility, etc. | Time-Life Books |
| 650 ## - SUBJECT ADDED ENTRY--TOPICAL TERM | |
| 9 (RLIN) | 5712 |
| Topical term or geographic name entry element | Fitness, health and nutrition |
| General subdivision | General |
| 942 ## - ADDED ENTRY ELEMENTS (KOHA) | |
| Source of classification or shelving scheme | |
| Koha item type | Book |
| Withdrawn status | Lost status | Source of classification or shelving scheme | Damaged status | Not for loan | Permanent Location | Current Location | Shelving location | Date acquired | Total Checkouts | Full call number | Barcode | Date last seen | Price effective from | Koha item type |
|---|---|---|---|---|---|---|---|---|---|---|---|---|---|---|
| Pakistan Navy Engineering College (PNEC) | Pakistan Navy Engineering College (PNEC) | 613 TIM | PNECLIB-016025 | 08/25/2015 | 08/25/2015 | Book |
